000 01306nam a2200289 i 4500
001 C00058353c
005 20241029150514.0
008 080417s1719 sp 1 spa d
100 1 _aArdemans, Teodoro (
_d1664-1726)
_929306
245 1 0 _aDeclaracion y extension sobre las ordenanzas que escriviò Juan de Torija, Aparejador de obras Reales y de las que se practican en las Ciudades de Toledo y Sevilla, con algunas advertencias à los Alarifes y Particulares y otros capitulos añadidos à la perfecta inteligencia de la materia, que todo se cifra en el govierno politico de las fabricas /
_cpor Don Teodoro Ardemans.
260 _aEn Madrid :
_bpor Francisco del Hierro,
_c1719.
300 _a[32], 288 p. :
_bil. ;
_c4º (21 cm)
500 _aCCPB000065396-9, REBIUN1776084, BN3/36859.
500 _aSign.: a-d4, A-Z4, 2A-2N4.
500 _aPort. con orla tip.
500 _aViñeta xil. en p. 210.
500 _aApostillas marginales mss. en p. 99.
500 _aEnc. perg.
650 _aUrbanismo-
_zEspaña-
_zMadrid-
_yS. XVIII.
_976949
650 _aOrdenanzas municipales-
_zEspaña-
_yS. XVIII.
_997844
700 1 _aTorija, Juan de.
_939581
700 1 _aHierro, Francisco del.
_935727
752 _aEspaña -
_dMadrid
852 4 _jB-1811
999 _c55217
_d55217